000 00914cam a2200205 i 4500
005 20251123083809.0
008 250721s2015 jo gr 000 0 ara d
020 _a9789957571672
082 1 4 _a211.2
_bد ا ن
100 1 _aالداني، أبي عمرو عثمان بن سعيد بن عمر الأموي
_eمؤلف.
245 1 2 _aالتحديد في الإتقان و التجويد /
_cتأليف أبي عمرو عثمان بن سعيد الداني ؛ تحقيق أ.د غانم قدوري الحمد.
250 _aالطبعة الثانية، مزيدة ومنقحة.
264 3 1 _aعمان :
_bجمعية المحافظة على القران الكريم،
_c2015.
300 _a224 صفحة.
650 1 7 _aالقرآن الكريم.
650 1 7 _aمقدمة تجويد القرآن.
700 1 _aالحمد، غانم قدوري
_eمحقق.
942 _2ddc
_cBK
999 _c133835
_d133835